<?xml version="1.0" encoding="UTF-8"?>
<record
    xmlns:xsi="http://www.w3.org/2001/XMLSchema-instance"
    xsi:schemaLocation="http://www.loc.gov/MARC21/slim http://www.loc.gov/standards/marcxml/schema/MARC21slim.xsd"
    xmlns="http://www.loc.gov/MARC21/slim">

  <leader>01186nam a2200325 a 4500</leader>
  <controlfield tag="001">000026053</controlfield>
  <controlfield tag="003">DO-SdBNP</controlfield>
  <controlfield tag="005">20160329135233.0</controlfield>
  <controlfield tag="007">000026053</controlfield>
  <controlfield tag="008">110228s2006    pe       d    000 0 spa d</controlfield>
  <datafield tag="020" ind1=" " ind2=" ">
    <subfield code="a">9684182163</subfield>
  </datafield>
  <datafield tag="040" ind1=" " ind2=" ">
    <subfield code="a">BPMSU</subfield>
    <subfield code="b">spa</subfield>
    <subfield code="c">BPMSU</subfield>
  </datafield>
  <datafield tag="092" ind1=" " ind2=" ">
    <subfield code="a">R 463.1</subfield>
    <subfield code="b">G748di</subfield>
  </datafield>
  <datafield tag="245" ind1="0" ind2="0">
    <subfield code="a">Gran diccionario de sin&#xF3;nimos y ant&#xF3;nimos time life /</subfield>
    <subfield code="c">Bettina Cositorto, directora editorial.</subfield>
  </datafield>
  <datafield tag="260" ind1=" " ind2=" ">
    <subfield code="a">M&#xE9;xico :</subfield>
    <subfield code="b">Ediciones Culturales Internacionales,</subfield>
    <subfield code="c">2008</subfield>
  </datafield>
  <datafield tag="300" ind1=" " ind2=" ">
    <subfield code="a">608 p. ;</subfield>
    <subfield code="c">27 cm. +</subfield>
    <subfield code="e">cd rom</subfield>
  </datafield>
  <datafield tag="500" ind1=" " ind2=" ">
    <subfield code="a">La biblioteca posee la 3a. reimpresi&#xF3;n del 2008</subfield>
  </datafield>
  <datafield tag="650" ind1=" " ind2="4">
    <subfield code="a">ESPA&#xD1;OL-</subfield>
    <subfield code="x">SINONIMOS Y ANTONIMOS -</subfield>
    <subfield code="x">DICCIONARIOS</subfield>
  </datafield>
  <datafield tag="700" ind1="1" ind2="2">
    <subfield code="a">Cositorto, Bettina</subfield>
    <subfield code="e">ed.</subfield>
  </datafield>
  <datafield tag="910" ind1=" " ind2=" ">
    <subfield code="a">Validado. Control de calidad MFF</subfield>
  </datafield>
  <datafield tag="930" ind1=" " ind2="1">
    <subfield code="l">BND01</subfield>
    <subfield code="m">LF1</subfield>
    <subfield code="8">20110228</subfield>
    <subfield code="f">02</subfield>
    <subfield code="p">HD</subfield>
    <subfield code="g">17009</subfield>
    <subfield code="h">e. 2</subfield>
  </datafield>
  <datafield tag="930" ind1=" " ind2="1">
    <subfield code="l">BND01</subfield>
    <subfield code="m">LF1</subfield>
    <subfield code="8">20140707</subfield>
    <subfield code="f">01</subfield>
    <subfield code="p">OI</subfield>
    <subfield code="g">45513</subfield>
  </datafield>
  <datafield tag="930" ind1=" " ind2="1">
    <subfield code="l">BND01</subfield>
    <subfield code="m">LF1</subfield>
    <subfield code="8">20140707</subfield>
    <subfield code="f">01</subfield>
    <subfield code="p">OI</subfield>
    <subfield code="g">45513</subfield>
  </datafield>
  <datafield tag="930" ind1=" " ind2="1">
    <subfield code="l">BND01</subfield>
    <subfield code="m">LF1</subfield>
    <subfield code="8">20110228</subfield>
    <subfield code="f">02</subfield>
    <subfield code="p">HD</subfield>
    <subfield code="g">17009</subfield>
  </datafield>
  <datafield tag="942" ind1=" " ind2=" ">
    <subfield code="2">ddc</subfield>
    <subfield code="c">BK</subfield>
  </datafield>
  <datafield tag="952" ind1=" " ind2=" ">
    <subfield code="0">0</subfield>
    <subfield code="1">0</subfield>
    <subfield code="2">ddc</subfield>
    <subfield code="4">0</subfield>
    <subfield code="7">0</subfield>
    <subfield code="8">REF</subfield>
    <subfield code="a">BPMET</subfield>
    <subfield code="b">BPMET</subfield>
    <subfield code="d">2015-02-04</subfield>
    <subfield code="l">0</subfield>
    <subfield code="o">R 463.1   G748di</subfield>
    <subfield code="p">BPMSU15041080</subfield>
    <subfield code="r">2015-02-04</subfield>
    <subfield code="w">2015-02-04</subfield>
    <subfield code="y">BK</subfield>
  </datafield>
  <datafield tag="952" ind1=" " ind2=" ">
    <subfield code="0">0</subfield>
    <subfield code="1">0</subfield>
    <subfield code="2">ddc</subfield>
    <subfield code="4">0</subfield>
    <subfield code="7">0</subfield>
    <subfield code="8">REF</subfield>
    <subfield code="a">BPMET</subfield>
    <subfield code="b">BPMET</subfield>
    <subfield code="d">2015-02-04</subfield>
    <subfield code="l">0</subfield>
    <subfield code="o">R 463.1   G748di</subfield>
    <subfield code="p">BPMSU15041081</subfield>
    <subfield code="r">2015-02-04</subfield>
    <subfield code="t">ej. 2</subfield>
    <subfield code="w">2015-02-04</subfield>
    <subfield code="y">BK</subfield>
  </datafield>
  <datafield tag="952" ind1=" " ind2=" ">
    <subfield code="0">0</subfield>
    <subfield code="1">0</subfield>
    <subfield code="2">ddc</subfield>
    <subfield code="4">0</subfield>
    <subfield code="7">0</subfield>
    <subfield code="8">REF</subfield>
    <subfield code="a">BPMET</subfield>
    <subfield code="b">BPMET</subfield>
    <subfield code="d">2015-02-04</subfield>
    <subfield code="l">0</subfield>
    <subfield code="o">R 463.1   G748di</subfield>
    <subfield code="p">BPMSU15041082</subfield>
    <subfield code="r">2015-02-04</subfield>
    <subfield code="t">ej. 3</subfield>
    <subfield code="w">2015-02-04</subfield>
    <subfield code="y">BK</subfield>
  </datafield>
  <datafield tag="956" ind1=" " ind2=" ">
    <subfield code="a">YPOLANCO</subfield>
    <subfield code="b">10</subfield>
    <subfield code="c">20110228</subfield>
    <subfield code="l">BND01</subfield>
    <subfield code="h">0949</subfield>
  </datafield>
  <datafield tag="956" ind1=" " ind2=" ">
    <subfield code="a">YLOCKWARD</subfield>
    <subfield code="b">10</subfield>
    <subfield code="c">20121024</subfield>
    <subfield code="l">BND01</subfield>
    <subfield code="h">1054</subfield>
  </datafield>
  <datafield tag="956" ind1=" " ind2=" ">
    <subfield code="a">KLANTIGUA</subfield>
    <subfield code="b">10</subfield>
    <subfield code="c">20121106</subfield>
    <subfield code="l">BND01</subfield>
    <subfield code="h">1233</subfield>
  </datafield>
  <datafield tag="956" ind1=" " ind2=" ">
    <subfield code="a">MFILETO</subfield>
    <subfield code="b">04</subfield>
    <subfield code="c">20130225</subfield>
    <subfield code="l">BND01</subfield>
    <subfield code="h">1319</subfield>
  </datafield>
  <datafield tag="999" ind1=" " ind2=" ">
    <subfield code="c">7345</subfield>
    <subfield code="d">7345</subfield>
  </datafield>
</record>
